| 000 | 00447nam a2200157Ia 4500 | ||
|---|---|---|---|
| 008 | 221030s9999 xx 000 0 und d | ||
| 041 | _aEnglish | ||
| 082 |
_a105.23 _bMot |
||
| 100 | _aS. N. Motewar | ||
| 245 | 0 |
_aComputer Programming in Fortran - IV with C Introduction to BASIC _cby S. N. Motewar, S. Domkundwar |
|
| 260 |
_bDhanpat Rai Pub _aDelhi _c1999 |
||
| 300 | _a18.30 | ||
| 650 | _aBE Computer | ||
| 700 | _aS. Domkundwar | ||
| 942 | _cBK | ||
| 999 |
_c1280 _d1280 |
||